00830nam a2200121Ia 4500008004100000020001800041100017800059245023900237260002700476650014300503650002200646856004000668171212s9999 xx 000 0 und d a9780833041678 aDavis, Lynn E.;Rough, Jill;Cecchine, Gary;Schaefer, Agnes Gereben;Rohn, Laurinda L.;Lynn E. Davis, ;Jill Rough, ;Gary Cecchine, ;Agnes Gereben Schaefer, ;Laurinda L. Zeman,  cDavis, Lynn E.;Rough, Jill;Cecchine, Gary;Schaefer, Agnes Gereben;Rohn, Laurinda L.;Lynn E. Davis, ;Jill Rough, ;Gary Cecchine, ;Agnes Gereben Schaefer, ;Laurinda L. Zeman, aHurricane KatrinabLessons for Army Planning and Operations bRAND Corporationc2007 aMilitary planning -- United States; Armed forces -- Civic action -- United States; Hurricane Katrina, 2005; Disaster relief -- Gulf States aPolitical Science uwww.jstor.org/stable/10.7249/mg603a